| 000 -LEADER |
| fixed length control field |
04920cam a22003858i 4500 |
| 001 - CONTROL NUMBER |
| control field |
18533282 |
| 003 - CONTROL NUMBER IDENTIFIER |
| control field |
Nust |
| 005 - DATE AND TIME OF LATEST TRANSACTION |
| control field |
20170306121147.0 |
| 008 - FIXED-LENGTH DATA ELEMENTS--GENERAL INFORMATION |
| fixed length control field |
150306s2015 nju b 001 0 eng c |
| 010 ## - LIBRARY OF CONGRESS CONTROL NUMBER |
| LC control number |
2015007931 |
| 020 ## - INTERNATIONAL STANDARD BOOK NUMBER |
| International Standard Book Number |
978-0-07-163572-1 |
| 040 ## - CATALOGING SOURCE |
| Original cataloging agency |
WaSeSS/DLC |
| Language of cataloging |
eng |
| Transcribing agency |
ASAB |
| Description conventions |
rda |
| 042 ## - AUTHENTICATION CODE |
| Authentication code |
pcc |
| 050 00 - LIBRARY OF CONGRESS CALL NUMBER |
| Classification number |
QH588.S83 |
| Item number |
S7473 2015 |
| 082 00 - DEWEY DECIMAL CLASSIFICATION NUMBER |
| Classification number |
616.02/774 |
| Edition number |
23 |
| 245 00 - TITLE STATEMENT |
| Title |
stem cells in regenerative medicine : |
| Remainder of title |
basic and applications |
| Statement of responsibility, etc. |
Kaushik D. Deb & satish M. Totey |
| 263 ## - PROJECTED PUBLICATION DATE |
| Projected publication date |
1506 |
| 264 #1 - PRODUCTION, PUBLICATION, DISTRIBUTION, MANUFACTURE, AND COPYRIGHT NOTICE |
| Place of production, publication, distribution, manufacture |
Hoboken, NJ : |
| Name of producer, publisher, distributor, manufacturer |
John Wiley & Sons, Ltd, |
| Date of production, publication, distribution, manufacture, or copyright notice |
2015. |
| 300 ## - PHYSICAL DESCRIPTION |
| Extent |
685 P |
| 336 ## - CONTENT TYPE |
| Content type term |
text |
| Source |
rdacontent |
| 337 ## - MEDIA TYPE |
| Media type term |
unmediated |
| Source |
rdamedia |
| 338 ## - CARRIER TYPE |
| Carrier type term |
volume |
| Source |
rdacarrier |
| 504 ## - BIBLIOGRAPHY, ETC. NOTE |
| Bibliography, etc. note |
Includes bibliographical references and index. |
| 505 0# - FORMATTED CONTENTS NOTE |
| Formatted contents note |
Therapeutic stem cells answer a strategic breakthrough need of healthcare / Alain Vertes -- Ethical considerations on the research and business of stem cells / Ljiljana Minwalla -- Projected growth of the worldwide stem cell market / Ed Field -- Cell therapy manufacturing: identifying and meeting demand / Jessica Carmen, David A. Brindley, Natasha L. Davie and David Smith -- The history of stem cell transplantation / Hilliard M. Lazarus and Stan Gerson -- Regulatory and intellectual property considerations for therapeutic human stem cell-based regenerative medicine product development: a U.S. perspective / Michael Mendicino and Darin Weber -- The regulation of stem cells in the UK and EU / Alex Denoon, Julian Hitchcock and James Lawford Davies -- The business of stem cell research tools / Erik Miljan -- Stem cell-derived cardiomyocytes and hepatocytes as tools for drug development and screening applications / Kate Camerona, Howard Marriage, David Haya and Claire Medine -- Stem cell tools for compound development / Tom Novak -- Stem cell origin of cancer: prospects for functional therapeutics and regenerative medicine / Vinagolu K. Rajasekhar -- The market of stem cell medicines for domestic and high value animals / Bob J. Harmann -- Stem cells veterinary medicines: a conceptual approach / John Peroni and Lindsey Boone -- Stem cells in veterinary medicines: a practical approach / Bob J. Harmann -- Stem cell veterinary medicines as success signals towards human stem cell therapeutics / Alain Vertes -- Animal models in regenerative medicine / Andrew N. Bubak, John D. Elsworth and John R. Sladek, Jr. -- Stem cell characterization: a guide to stem cell types, technologies, and future applications / Justin Lo Re, Rezma Shrestha and Leonard Sciorra -- Stem cell value chains / Judy Muller-Cohn, Paul Diaz and Rolf Muller -- Stem cell culture processes / Ravali Raju, Shikha Sharma and Wei-Shou Hu -- Indication transformation maps and the challenge of live cells delivery / Bob Deans and Lee Babiss -- Delivery and targeting of therapeutic cells / Paul Lin, Arnold I. Caplan and Erkki Ruoshlati -- Hematopoietic stem cells / Steve Wolpe and Lynnet Koh -- MSCs: the new medicince / Arnold Caplan -- Innovation and commercialization of induced pluripotent stem cells / Shintaro Sengoku -- Embryonic stem cells / Rachel Eiges, Benjamin E. Reubinoff and Charles Irving -- Allogeneic versus autologous stem cell transplantation in regenerative medicine / Kathy Trzaska-Accurso and Pranela Rameshwar -- Clinical immunological barriers to regenerative medicine: do they matter? / Cristina Trento and Francesco Dazzi -- Challenges in the clinical development of stem cells / John Caulfield -- Pricing and reimbursement of regenerative medicines / Nathan Dowden -- The role of patient advocacy in the clinical translation of regenerative medicine / Bernard Siegel and Alan Jakimo -- Financing strategies for regenerative medicine start-ups / Carol Julie Walton, Lee Buckler and Gregory A. Bonfiglio -- Strategic alliances, mergers and acquisitions in regenerative medicine / Nafees N. Malik, Timothy E. Allsopp and Devyn M. Smith -- History of monoclonal antibodies and lessons for the development of stem cell therapeutics / Alain Vertes and Nathan Dowden -- Deployment of stem cell technologies in industry and healthcare/ Alain Vertes. |
| 650 #0 - SUBJECT ADDED ENTRY--TOPICAL TERM |
| Topical term or geographic name entry element |
Stem cells. |
| 650 #0 - SUBJECT ADDED ENTRY--TOPICAL TERM |
| Topical term or geographic name entry element |
Regenerative medicine. |
| 700 1# - ADDED ENTRY--PERSONAL NAME |
| Personal name |
Vertes, Alain A., |
| Relator term |
editor. |
| 700 1# - ADDED ENTRY--PERSONAL NAME |
| Personal name |
Qureshi, Nasib, |
| Relator term |
editor. |
| 700 1# - ADDED ENTRY--PERSONAL NAME |
| Personal name |
Caplan, Arnold I., |
| Relator term |
editor. |
| 700 1# - ADDED ENTRY--PERSONAL NAME |
| Personal name |
Babiss, Lee Edward, |
| Dates associated with a name |
1956- |
| Relator term |
editor. |
| 776 08 - ADDITIONAL PHYSICAL FORM ENTRY |
| Relationship information |
Online version: |
| Title |
Stem cells in regenerative medicine |
| Place, publisher, and date of publication |
Hoboken, NJ : John Wiley & Sons, Ltd, 2015 |
| International Standard Book Number |
9781118846209 |
| Record control number |
(DLC) 2015012590 |
| 906 ## - LOCAL DATA ELEMENT F, LDF (RLIN) |
| a |
7 |
| b |
cbc |
| c |
orignew |
| d |
1 |
| e |
ecip |
| f |
20 |
| g |
y-gencatlg |
| 942 ## - ADDED ENTRY ELEMENTS (KOHA) |
| Source of classification or shelving scheme |
|
| Koha item type |
Book |